00571nam a2200181 a 4500008004100000020002300041100002400064245005500088260005200143300002600195504004100221500002000262650003600282650004400318003000100362005001700363040000900380  a0442223501 (cased)1 aElbert, Theodore F.10aEmbedded programming in Ada /cTheodore F. Elbert. aNew York, NY. :bVan Nostrand Reinhold,cc1986. axvi, 523 p. ;c24 cm. aIncludes bibliographical references. aIncludes index. 0aAda (Computer program language) 0aEmbedded computer systemsxProgramming.20230123133215.0 cNUST